[Event "HUN-chT2 Szechenyi 1617"]
[Site "Hungary"]
[Date "2016.11.27"]
[Round "5.8"]
[White "Mezei, Zsolt"]
[Black "Kiss, Laszlo3333"]
[Result "1/2-1/2"]
[WhiteElo "1867"]
[BlackElo "1739"]
[PlyCount "73"]
[EventDate "2016.09.25"]
[EventType "team-tourn"]
[EventRounds "11"]
[EventCountry "HUN"]
[SourceTitle "EXT 2021"]
[Source "ChessBase"]
[SourceDate "2020.10.23"]
[SourceVersion "1"]
[SourceVersionDate "2020.10.23"]
[SourceQuality "1"]
[WhiteTeam "Papa"]
[BlackTeam "Arboretum"]
[WhiteTeamCountry "HUN"]
[BlackTeamCountry "HUN"]

1. e4 c5 2. Nf3 Nc6 3. d4 cxd4 4. Nxd4 Nf6 5. Nxc6 bxc6 6. Bd3 e6 7. 0-0 Be7 8. b3 0-0 9. Bb2 d6 10. Nd2 Nd7 11. Nf3 Bf6 12. Bxf6 Qxf6 13. Qd2 d5 14. Rae1 Bb7 15. e5 Qe7 16. a4 a5 17. Qf4 Nc5 18. Re3 Nxd3 19. cxd3 Ba6 20. Rc1 Rac8 21. d4 c5 22. Rec3 c4 23. bxc4 Rxc4 24. Rxc4 Bxc4 25. Nd2 Rc8 26. Qf3 Qb4 27. Qd1 h6 28. h3 Ba6 29. Rxc8+ Bxc8 30. Nf3 Ba6 31. Qc2 Qc4 32. Qxc4 Bxc4 33. Nd2 Bd3 34. Nb3 Bc2 35. Nxa5 Bxa4 36. Kf1 Kf8 37. Nb7 1/2-1/2

[Event "LSS No Engine Cup 47 Preliminary 6"]
[Site "LSS email"]
[Date "2011.07.25"]
[Round "?"]
[White "Adams, Mark"]
[Black "Mezei, Zsolt"]
[Result "1-0"]
[WhiteElo "555"]
[BlackElo "1047"]
[PlyCount "27"]
[EventDate "2011.07.26"]
[EventType "tourn (corr)"]
[EventRounds "6"]
[EventCountry "GER"]
[SourceTitle "Corr 2015"]
[Source "ChessBase"]
[SourceDate "2015.07.17"]
[SourceVersion "1"]
[SourceVersionDate "2015.07.17"]
[SourceQuality "1"]

1. e4 d6 2. d4 Nf6 3. Bd3 g6 4. Nc3 Bg7 5. Nf3 0-0 6. Be3 Bg4 7. h3 Bxf3 8. Qxf3 Nc6 9. 0-0 e5 10. dxe5 Nxe5 11. Qe2 Nxd3 12. cxd3 a6 13. Bg5 Qe8 14. Qf3 1-0

[Event "LSS No Engine Cup 47 Preliminary 6"]
[Site "LSS email"]
[Date "2011.07.25"]
[Round "?"]
[White "Tittarelli, Adriano"]
[Black "Mezei, Zsolt"]
[Result "1-0"]
[WhiteElo "1192"]
[BlackElo "1047"]
[PlyCount "79"]
[EventDate "2011.07.26"]
[EventType "tourn (corr)"]
[EventRounds "6"]
[EventCountry "GER"]
[SourceTitle "Telechess CBM 149"]
[Source "ChessBase"]
[SourceDate "2012.07.17"]
[SourceVersion "1"]
[SourceVersionDate "2012.07.17"]
[SourceQuality "1"]

1. d4 Nf6 2. Bf4 d6 3. Nf3 Bg4 4. Nbd2 h6 5. h3 Bf5 6. e3 g5 7. Bh2 Bg7 8. c3 Nbd7 9. Be2 0-0 10. Qb3 b6 11. 0-0 Bg6 12. Rfe1 c5 13. Rac1 Ne4 14. Nxe4 Bxe4 15. Nd2 Bb7 16. a3 Qc8 17. Nf3 d5 18. Qc2 c4 19. Nd2 f5 20. b3 b5 21. bxc4 dxc4 22. Bf3 Bxf3 23. Nxf3 Qa6 24. Ra1 Qc6 25. a4 a6 26. axb5 axb5 27. Rxa8 Rxa8 28. Qxf5 Nb6 29. Ne5 Qf6 30. Qe4 Ra2 31. Ng4 Qf7 32. f3 Nd5 33. Rc1 e6 34. Be5 h5 35. Nf2 Re2 36. Bxg7 Kxg7 37. Qe5+ Qf6 38. Qxf6+ Kxf6 39. e4 Nf4 40. Kf1 1-0

[Event "LSS No Engine Cup 45 Preliminary 4"]
[Site "LSS email"]
[Date "2011.06.29"]
[Round "?"]
[White "Hernandez, Orlando"]
[Black "Mezei, Zsolt"]
[Result "1-0"]
[WhiteElo "1190"]
[BlackElo "1047"]
[PlyCount "59"]
[EventDate "2011.06.30"]
[EventType "tourn (corr)"]
[EventRounds "6"]
[EventCountry "GER"]
[SourceTitle "Telechess CBM 151"]
[Source "ChessBase"]
[SourceDate "2012.11.13"]
[SourceVersion "1"]
[SourceVersionDate "2012.11.13"]
[SourceQuality "1"]

1. e4 c6 2. d4 d5 3. exd5 cxd5 4. c4 dxc4 5. Bxc4 Nf6 6. Nf3 e6 7. 0-0 Be7 8. Qe2 0-0 9. Nc3 Nc6 10. Rd1 Nd5 11. a3 Nxc3 12. bxc3 Qa5 13. Bb2 Bf6 14. Ne5 Nxe5 15. dxe5 Bxe5 16. Qc2 b5 17. Bd3 g6 18. c4 Bxb2 19. Qxb2 bxc4 20. Bxc4 Ba6 21. Bxa6 Qxa6 22. Rd7 Rab8 23. Qd4 Rb7 24. Rd8 Rb8 25. Rxf8+ Rxf8 26. a4 Qa5 27. Rd1 a6 28. h3 Rb8 29. Rc1 Qb4 30. Rc8+ 1-0

[Event "RE-2011-0-00066"]
[Site "LSS email"]
[Date "2011.06.24"]
[Round "?"]
[White "Hickl, Norbert"]
[Black "Mezei, Zsolt"]
[Result "1/2-1/2"]
[WhiteElo "1248"]
[BlackElo "1185"]
[PlyCount "56"]
[EventDate "2011.04.29"]
[EventType "tourn (corr)"]
[EventRounds "6"]
[EventCountry "GER"]
[SourceTitle "Telechess CBM 151"]
[Source "ChessBase"]
[SourceDate "2012.11.13"]
[SourceVersion "1"]
[SourceVersionDate "2012.11.13"]
[SourceQuality "1"]

1. c4 c5 2. g3 Nc6 3. Bg2 d6 4. Nc3 e5 5. d3 Nf6 6. e3 Be7 7. Nge2 0-0 8. 0-0 Rb8 9. Nd5 a6 10. Nec3 Bd7 11. Bd2 b5 12. b3 bxc4 13. dxc4 Nb4 14. Nxf6+ Bxf6 15. Ne4 Bf5 16. Bxb4 Bxe4 17. Bxe4 Rxb4 18. Qd3 g6 19. h4 Be7 20. h5 Kg7 21. Qe2 f5 22. Bd5 a5 23. Kg2 g5 24. h6+ Kh8 25. Rab1 Rf6 26. Qh5 Rf8 27. Rh1 Qb8 28. Qd1 Qc7 1/2-1/2

[Event "RE-2011-0-00066"]
[Site "LSS email"]
[Date "2011.06.23"]
[Round "?"]
[White "Mezei, Zsolt"]
[Black "Polastri, Antonio"]
[Result "0-1"]
[WhiteElo "1185"]
[BlackElo "1489"]
[PlyCount "42"]
[EventDate "2011.04.29"]
[EventType "tourn (corr)"]
[EventRounds "6"]
[EventCountry "GER"]
[SourceTitle "Telechess CBM 151"]
[Source "ChessBase"]
[SourceDate "2012.11.13"]
[SourceVersion "1"]
[SourceVersionDate "2012.11.13"]
[SourceQuality "1"]

1. e4 c5 2. Nf3 Nc6 3. d4 cxd4 4. Nxd4 e5 5. Nxc6 bxc6 6. a3 Nf6 7. Nc3 Bc5 8. Be2 Bd4 9. Bf3 0-0 10. Bd2 Ba6 11. Be2 Qb6 12. 0-0 Qxb2 13. Bxa6 Bxc3 14. Bxc3 Qxc3 15. Bd3 Rfb8 16. f4 Rb2 17. fxe5 Qxe5 18. Qf3 Re8 19. Rfe1 c5 20. h3 c4 21. Bxc4 Qd4+ 0-1

[Event "RE-2011-0-00065"]
[Site "LSS email"]
[Date "2011.06.19"]
[Round "?"]
[White "Mezei, Zsolt"]
[Black "Polastri, Antonio"]
[Result "0-1"]
[WhiteElo "1047"]
[BlackElo "1661"]
[PlyCount "82"]
[EventDate "2011.04.16"]
[EventType "tourn (corr)"]
[EventRounds "6"]
[EventCountry "GER"]
[SourceTitle "Telechess CBM 149"]
[Source "ChessBase"]
[SourceDate "2012.07.17"]
[SourceVersion "1"]
[SourceVersionDate "2012.07.17"]
[SourceQuality "1"]

1. e4 c5 2. Nf3 Nc6 3. d4 cxd4 4. Nxd4 Nf6 5. Nc3 e5 6. Nf3 Bb4 7. Bd3 Bxc3+ 8. bxc3 0-0 9. c4 d6 10. 0-0 Be6 11. h3 Rc8 12. Bd2 h6 13. Qe2 Na5 14. Bxa5 Qxa5 15. Nd2 Qa3 16. f4 exf4 17. Rxf4 Nd7 18. Nb3 Ne5 19. Nd2 Rfe8 20. Rff1 Re7 21. Rfb1 Bxc4 22. Nxc4 Nxc4 23. Rb3 Qc5+ 24. Qf2 Nd2 25. Qxc5 dxc5 26. Ra3 c4 27. Bf1 a6 28. Re1 Rxe4 29. Rxe4 Nxe4 30. Re3 Nd6 31. a4 Kf8 32. Be2 Re8 33. Kf2 Ne4+ 34. Ke1 b5 35. axb5 axb5 36. Bf3 Nc3 37. Rxe8+ Kxe8 38. Bc6+ Ke7 39. Kd2 b4 40. Ke3 b3 41. cxb3 cxb3 0-1

[Event "RE-2011-0-00065"]
[Site "LSS email"]
[Date "2011.06.18"]
[Round "?"]
[White "Mezei, Zsolt"]
[Black "Basson, Heinrich"]
[Result "0-1"]
[WhiteElo "1047"]
[BlackElo "1390"]
[PlyCount "60"]
[EventDate "2011.04.16"]
[EventType "tourn (corr)"]
[EventRounds "6"]
[EventCountry "GER"]
[SourceTitle "Telechess CBM 149"]
[Source "ChessBase"]
[SourceDate "2012.07.17"]
[SourceVersion "1"]
[SourceVersionDate "2012.07.17"]
[SourceQuality "1"]

1. e4 c6 2. d4 d5 3. e5 Bf5 4. Bd3 Bxd3 5. Qxd3 e6 6. Ne2 Qb6 7. 0-0 Ne7 8. b3 Nd7 9. Bb2 Ng6 10. Nd2 Be7 11. Kh1 0-0 12. f4 Rad8 13. f5 exf5 14. Qxf5 c5 15. c3 cxd4 16. cxd4 Ndxe5 17. dxe5 Qe3 18. Ng3 Qxd2 19. Rf2 Qe3 20. Re2 Qb6 21. Rc1 Bh4 22. Nh5 Qa6 23. Rec2 d4 24. g3 Be7 25. a4 Qb6 26. Rd2 Qxb3 27. Bxd4 Qd5+ 28. Kg1 Nxe5 29. Rf1 Nc6 30. Qg4 Qg5 0-1

[Event "LSS No Engine Cup 42 Preliminary 2"]
[Site "LSS email"]
[Date "2011.05.07"]
[Round "?"]
[White "Mezei, Zsolt"]
[Black "Mason, Alicia E"]
[Result "0-1"]
[WhiteElo "1047"]
[BlackElo "1500"]
[PlyCount "46"]
[EventDate "2011.05.08"]
[EventType "tourn (corr)"]
[EventRounds "6"]
[EventCountry "GER"]
[SourceTitle "Telechess CBM 151"]
[Source "ChessBase"]
[SourceDate "2012.11.13"]
[SourceVersion "1"]
[SourceVersionDate "2012.11.13"]
[SourceQuality "1"]

1. e4 c5 2. Nf3 d6 3. d4 cxd4 4. Nxd4 Nf6 5. Nc3 a6 6. a3 e6 7. Be2 Be7 8. 0-0 0-0 9. Be3 Qc7 10. Qd2 b5 11. Bf3 Bb7 12. Rad1 Nbd7 13. Nb3 Ne5 14. Bf4 Nxf3+ 15. gxf3 Rad8 16. Qe2 Nh5 17. Bg3 Nxg3 18. fxg3 Bf6 19. Nd4 Qc5 20. Qf2 d5 21. exd5 exd5 22. h4 Rfe8 23. Nde2 Qxf2+ 0-1

[Event "LSS No Engine Cup 42 Preliminary 2"]
[Site "LSS email"]
[Date "2011.05.07"]
[Round "?"]
[White "Shim Ng Min, Francis"]
[Black "Mezei, Zsolt"]
[Result "1-0"]
[WhiteElo "1182"]
[BlackElo "1047"]
[PlyCount "64"]
[EventDate "2011.05.08"]
[EventType "tourn (corr)"]
[EventRounds "6"]
[EventCountry "GER"]
[SourceTitle "Telechess CBM 151"]
[Source "ChessBase"]
[SourceDate "2012.11.13"]
[SourceVersion "1"]
[SourceVersionDate "2012.11.13"]
[SourceQuality "1"]

1. e4 d6 2. d4 Nf6 3. Nc3 g6 4. Be3 Bg7 5. f3 0-0 6. Qd2 e5 7. 0-0-0 exd4 8. Bxd4 Nc6 9. Be3 a6 10. Bh6 b5 11. h4 b4 12. Nd5 Nxd5 13. exd5 Ne5 14. h5 Qf6 15. Bxg7 Qxg7 16. hxg6 fxg6 17. Nh3 Bxh3 18. Rxh3 a5 19. Bd3 Nxd3+ 20. Qxd3 Rf7 21. Rh4 Qf6 22. Rg4 Rg7 23. Qd4 Qe7 24. Qe4 Re8 25. Re1 Qxe4 26. Rgxe4 Rxe4 27. Rxe4 Kf7 28. Kd2 g5 29. Kd3 Rg8 30. Rc4 Kf6 31. Rxc7 Ke5 32. Rxh7 Kxd5 1-0

[Event "LSS No Engine Cup 40 Preliminary 3"]
[Site "LSS email"]
[Date "2011.04.01"]
[Round "?"]
[White "Mezei, Zsolt"]
[Black "Bester, Kazimierz"]
[Result "0-1"]
[WhiteElo "1047"]
[BlackElo "769"]
[PlyCount "29"]
[EventDate "2011.04.02"]
[EventType "tourn (corr)"]
[EventRounds "6"]
[EventCountry "GER"]
[SourceTitle "Corr 2015"]
[Source "ChessBase"]
[SourceDate "2015.07.17"]
[SourceVersion "1"]
[SourceVersionDate "2015.07.17"]
[SourceQuality "1"]

1. e4 d5 2. exd5 Qxd5 3. Nc3 Qa5 4. d4 Bf5 5. Bd3 Bxd3 6. Qxd3 Nf6 7. Bd2 Nc6 8. Nf3 0-0-0 9. Ne4 Qb6 10. Nxf6 gxf6 11. Bc3 e5 12. Qf5+ Kb8 13. dxe5 fxe5 14. 0-0 Nd4 15. Nxe5 0-1

[Event "LSS No Engine Cup 40 Preliminary 3"]
[Site "LSS email"]
[Date "2011.04.01"]
[Round "?"]
[White "Mezei, Zsolt"]
[Black "Csoma, Balint"]
[Result "1-0"]
[WhiteElo "1047"]
[BlackElo "1120"]
[PlyCount "59"]
[EventDate "2011.04.02"]
[EventType "tourn (corr)"]
[EventRounds "6"]
[EventCountry "GER"]
[SourceTitle "Telechess CBM 151"]
[Source "ChessBase"]
[SourceDate "2012.11.13"]
[SourceVersion "1"]
[SourceVersionDate "2012.11.13"]
[SourceQuality "1"]

1. e4 d6 2. d4 Nf6 3. Nc3 g6 4. Nf3 Bg7 5. Be2 0-0 6. 0-0 c6 7. h3 a6 8. Be3 b5 9. a3 Qc7 10. Qd2 Nbd7 11. Rad1 Bb7 12. Nh2 e5 13. dxe5 dxe5 14. g4 Rad8 15. Qc1 c5 16. f3 b4 17. axb4 cxb4 18. Na4 Qc6 19. b3 Rc8 20. Bc4 Rfd8 21. Rf2 Nf8 22. Rfd2 Rxd2 23. Qxd2 Ne6 24. Qd6 Qxd6 25. Rxd6 Nf4 26. Bxf4 exf4 27. g5 Ne8 28. Rd7 Rc7 29. Bxf7+ Kf8 30. Bxe8 1-0

[Event "LSS No Engine Cup 40 Preliminary 3"]
[Site "LSS email"]
[Date "2011.04.01"]
[Round "?"]
[White "Taus, Helmut"]
[Black "Mezei, Zsolt"]
[Result "1/2-1/2"]
[WhiteElo "1600"]
[BlackElo "1598"]
[PlyCount "64"]
[EventDate "2011.04.02"]
[EventType "tourn (corr)"]
[EventRounds "6"]
[EventCountry "GER"]
[SourceTitle "Corr 2022"]
[Source "ChessBase"]
[SourceDate "2021.10.24"]
[SourceVersion "1"]
[SourceVersionDate "2021.10.24"]
[SourceQuality "1"]

1. b4 e5 2. Bb2 d6 3. c4 Nf6 4. e3 Nc6 5. b5 Ne7 6. d3 Ng6 7. Nf3 Be7 8. Be2 0-0 9. 0-0 b6 10. Nbd2 Bb7 11. a4 a5 12. Ne1 Qd7 13. Bf3 Bxf3 14. Qxf3 h6 15. g3 Nh7 16. d4 exd4 17. exd4 d5 18. Nd3 dxc4 19. Nxc4 Ng5 20. Qg2 Bf6 21. Nde5 Bxe5 22. dxe5 Qd3 23. Rac1 Nf3+ 24. Kh1 Rad8 25. Ne3 Ngxe5 26. Rxc7 Qb3 27. Bxe5 Nxe5 28. Qe4 Nd3 29. Kg2 Nc5 30. Qc4 Qxc4 31. Nxc4 Nxa4 32. Ra1 Nc3 1/2-1/2

[Event "ZI-2011-0-00935"]
[Site "LSS email"]
[Date "2011.03.22"]
[Round "?"]
[White "Markoja, Johann"]
[Black "Mezei, Zsolt"]
[Result "1-0"]
[WhiteElo "1937"]
[BlackElo "1365"]
[PlyCount "45"]
[EventDate "2011.03.17"]
[EventType "match (corr)"]
[EventRounds "2"]
[EventCountry "GER"]
[SourceTitle "Telechess CBM 145"]
[Source "Chessbase"]
[SourceDate "2011.11.11"]
[SourceVersion "1"]
[SourceVersionDate "2011.11.11"]
[SourceQuality "1"]

1. c4 c5 2. Nf3 Nc6 3. Nc3 e5 4. e3 Nf6 5. d4 cxd4 6. exd4 d6 7. d5 Nb8 8. Bd3 Be7 9. 0-0 Bg4 10. h3 Bh5 11. c5 0-0 12. Re1 Nbd7 13. c6 bxc6 14. dxc6 Nc5 15. Bf5 Qc7 16. g4 Bg6 17. Bxg6 fxg6 18. b4 Na6 19. b5 Nc5 20. Be3 Kh8 21. Bxc5 dxc5 22. Nxe5 Bd6 23. b6 1-0

[Event "ZI-2011-0-00936"]
[Site "LSS email"]
[Date "2011.03.22"]
[Round "?"]
[White "Mezei, Zsolt"]
[Black "Kerecsenyi, Zoltan"]
[Result "1-0"]
[WhiteElo "1365"]
[BlackElo "1551"]
[PlyCount "29"]
[EventDate "2011.03.18"]
[EventType "match (corr)"]
[EventRounds "2"]
[EventCountry "GER"]
[SourceTitle "Corr 2013"]
[Source "ChessBase"]
[SourceDate "2012.11.12"]
[SourceVersion "1"]
[SourceVersionDate "2012.11.12"]
[SourceQuality "1"]

1. e4 Nc6 2. d4 e5 3. Nf3 exd4 4. Nxd4 Nxd4 5. Qxd4 c5 6. Qe3 Nf6 7. Nc3 Ng4 8. Qg3 h5 9. h3 Nh6 10. Be3 Qf6 11. 0-0-0 a6 12. Qc7 d6 13. f4 Qe6 14. Be2 Qd7 15. Nd5 1-0

[Event "ZI-2011-0-00935"]
[Site "LSS email"]
[Date "2011.03.22"]
[Round "?"]
[White "Mezei, Zsolt"]
[Black "Markoja, Johann"]
[Result "0-1"]
[WhiteElo "1365"]
[BlackElo "1937"]
[PlyCount "34"]
[EventDate "2011.03.17"]
[EventType "match (corr)"]
[EventRounds "2"]
[EventCountry "GER"]
[SourceTitle "Corr 2013"]
[Source "ChessBase"]
[SourceDate "2012.11.12"]
[SourceVersion "1"]
[SourceVersionDate "2012.11.12"]
[SourceQuality "1"]

1. e4 c5 2. Nf3 e6 3. d3 Nc6 4. Nc3 d5 5. exd5 exd5 6. Be2 d4 7. Ne4 Nf6 8. Nxf6+ Qxf6 9. 0-0 Bd6 10. Bg5 Qe6 11. Qd2 0-0 12. b3 h6 13. Bh4 f5 14. h3 f4 15. Kh1 g5 16. Bxg5 hxg5 17. Nxg5 Qh6 0-1